Les postes dans les sports collectifs - Statistiques

Statistiques générales
  • Ce quiz a été pris 486 fois
    422 depuis la dernière actualisation
  • Le résultat moyen est 23 sur 44
Statistiques - réponses
Hint Réponse % Correct
Football Gardien
88%
Handball Gardien
88%
Hockey sur gazon Gardien
88%
Hockey sur glace Gardien
88%
Water polo Gardien
88%
Basket Pivot
88%
Handball Pivot
88%
Basket Ailier
85%
Handball Ailier
85%
Hockey sur gazon Ailier
85%
Hockey sur glace Ailier
85%
Rugby Ailier
85%
Hockey sur gazon Défenseur
83%
Hockey sur glace Défenseur
83%
Volley Défenseur
83%
Basket Arrière
82%
Football Arrière
82%
Handball Arrière
82%
Hockey sur gazon Attaquant
71%
Volley Attaquant
71%
Basket Meneur
70%
Rugby Demi de mêlée
53%
Hockey sur glace Centre
51%
Rugby Talonneur
44%
Basket Ailier fort
43%
Handball Demi-centre
43%
Rugby Demi d'ouverture
42%
Volley Libéro
41%
Football Milieu défensif
33%
Football Milieu offensif
32%
Rugby Deuxième ligne
28%
Hockey sur gazon Milieu de terrain
28%
Volley Passeur
25%
Football Avant-centre
21%
Rugby Piliers
14%
Rugby Troisième ligne aile
11%
Rugby Troisième ligne centre
10%
Water polo Pointe
9%
Volley Réceptionneur attaquant
5%
Volley Bloqueur
4%
Rugby Centres
4%
Water polo Ailiers
3%
Water polo Arrière central
3%
Water polo Ligne extérieure
0%
Aucun quiz correspondant
Distribution des résultats
% des personnes avec chaque résultat
Percentile par nombre de réponses
Votre historique - résultats
Vous n’avez pas pris ce quiz depuis la dernière actualisation